000 00457nmm a2200145Ia 4500
008 251105s9999||||xx |||||||||||||||||und||
041 _aspa
100 _aBujold, Lois Mcmaster
245 0 _aFronteras del infinito :
_b Las aventuras de Miles Vorkosigan 7
264 _a[Madrid, España] :
_bEdiciones B,
_c2016
300 _a384 páginas
650 _aScience fiction & Fantasy
856 _uhttps://public.digitaliapublishing.com/a/54302
942 _cCF
999 _c105831
_d105831